[Event "Albert Boxer Classic op"]
[Site "Winnipeg CAN"]
[Date "2008.05.23"]
[Round "1"]
[White "Swift, Ryne"]
[Black "Khedkar, Jay S"]
[Result "0-1"]
[WhiteElo "1285"]
[BlackElo "1883"]
[PlyCount "109"]
[GameId "2160767910354531"]
[EventDate "2008.05.23"]
[EventType "swiss"]
[EventRounds "5"]
[EventCountry "CAN"]
[SourceTitle "EXT 2011"]
[Source "ChessBase"]
[SourceDate "2011.11.26"]
[SourceVersion "1"]
[SourceVersionDate "2011.11.26"]
[SourceQuality "1"]

1. e4 e6 2. d4 d5 3. exd5 exd5 4. Nf3 Bd6 5. Nc3 Ne7 6. Bd3 Nd7 7. Qe2 c6 8. O-O h6 9. Be3 Nf6 10. Rfe1 O-O 11. Qd2 Ng4 12. Bf4 Nf5 13. h3 Nf6 14. Be5 Nh7 15. Qf4 f6 16. Bxd6 Qxd6 17. Qxd6 Nxd6 18. Bxh7+ Kxh7 19. Re7 Bf5 20. Re2 Rae8 21. Rae1 Rxe2 22. Rxe2 Re8 23. Rxe8 Nxe8 24. Ne1 Nd6 25. Nd3 Nc4 26. b3 Bxd3 27. cxd3 Nb2 28. Kf1 Nxd3 29. g3 g5 30. Ke2 Nb4 31. Kd2 Kg6 32. a3 Na6 33. b4 Nc7 34. a4 a6 35. Ke3 h5 36. Ne2 b5 37. a5 Ne6 38. g4 f5 39. f3 Nd8 40. Kf2 Nf7 41. Kg3 Nd6 42. Nc1 hxg4 43. hxg4 fxg4 44. Kxg4 Nc4 45. Nd3 Ne3+ 46. Kg3 Nc2 47. Kf2 Nxd4 48. Nc5 Nc2 49. Nxa6 Kf5 50. Nc5 Nxb4 51. a6 Nxa6 52. Nxa6 d4 53. Ke2 Ke5 54. Kd2 Kf4 55. Ke2 0-1

[Event "Albert Boxer Classic op"]
[Site "Winnipeg CAN"]
[Date "2008.05.23"]
[Round "1"]
[White "Vincent, Trevor"]
[Black "Kong, Dezheng"]
[Result "1-0"]
[WhiteElo "2176"]
[BlackElo "1862"]
[PlyCount "115"]
[GameId "2160767910354532"]
[EventDate "2008.05.23"]
[EventType "swiss"]
[EventRounds "5"]
[EventCountry "CAN"]
[SourceTitle "EXT 2011"]
[Source "ChessBase"]
[SourceDate "2011.11.26"]
[SourceVersion "1"]
[SourceVersionDate "2011.11.26"]
[SourceQuality "1"]

1. c4 b5 2. cxb5 a6 3. bxa6 Bxa6 4. Nf3 Nf6 5. g3 e6 6. Bg2 d5 7. d4 Bd6 8. Qc2 Nbd7 9. Bf4 O-O 10. O-O Bxf4 11. gxf4 Nh5 12. Ng5 Ndf6 13. Qd2 Qd6 14. Nh3 Ne4 15. Qe3 Rab8 16. b3 Rb4 17. a3 Rb7 18. f3 Nef6 19. Nd2 Re8 20. Rfc1 Qb6 21. Rc3 Nd7 22. Rac1 Kf8 23. Qf2 g6 24. e3 Kg7 25. b4 Bb5 26. Nb3 Ra7 27. Na5 Nb8 28. Qc2 Re7 29. Nf2 Nf6 30. Bf1 Bxf1 31. Kxf1 Ne8 32. Nd3 f6 33. Kf2 Nd6 34. Rc5 Kh6 35. Qb3 Nb7 36. Nxb7 Qxb7 37. a4 Qa6 38. Ra5 Qb7 39. Rb5 Qa8 40. a5 Nd7 41. Qc3 Re8 42. Qc6 Qxc6 43. Rxc6 Nb8 44. Rc2 Nd7 45. e4 dxe4 46. fxe4 Rd8 47. Ke3 Rc8 48. Rc6 Re8 49. d5 exd5 50. Rxd5 Re7 51. Kd4 Nf8 52. Rxf6 Ne6+ 53. Kc4 Kg7 54. e5 h6 55. Nc5 Nxc5 56. Kxc5 g5 57. f5 Rxe5 58. Rg6+ 1-0

[Event "Albert Boxer Classic op"]
[Site "Winnipeg CAN"]
[Date "2008.05.23"]
[Round "1"]
[White "Wood, Nathaniel"]
[Black "Bince, Rolando"]
[Result "0-1"]
[WhiteElo "1585"]
[BlackElo "1928"]
[PlyCount "101"]
[GameId "2160767910354534"]
[EventDate "2008.05.23"]
[EventType "swiss"]
[EventRounds "5"]
[EventCountry "CAN"]
[SourceTitle "EXT 2011"]
[Source "ChessBase"]
[SourceDate "2011.11.26"]
[SourceVersion "1"]
[SourceVersionDate "2011.11.26"]
[SourceQuality "1"]

1. e4 c5 2. Nf3 d6 3. d4 cxd4 4. Nxd4 Nc6 5. Nc3 a6 6. Be3 Nf6 7. f3 g6 8. Qd2 Bg7 9. Nb3 Be6 10. O-O-O O-O 11. h4 Bxb3 12. cxb3 Qa5 13. a3 Nh5 14. b4 Qd8 15. Rh3 Bxc3 16. Qxc3 Ne5 17. Qb3 b5 18. Bh6 Re8 19. g4 Nf6 20. h5 Nc4 21. hxg6 fxg6 22. e5 Nd7 23. exd6 exd6 24. Rxd6 Re1+ 25. Rd1 Qe7 26. Rh1 Rxd1+ 27. Qxd1 Ndb6 28. Bxc4+ Nxc4 29. Re1 Qf6 30. Qe2 Kf7 31. g5 Qd6 32. Rd1 Qe6 33. Qd3 Re8 34. Qd4 Qe5 35. Qxe5 Rxe5 36. Rd7+ Re7 37. Rxe7+ Kxe7 38. Kc2 Ke6 39. b3 Ne5 40. f4 Nf7 41. Kd3 Kf5 42. Ke3 Nxh6 43. gxh6 g5 44. fxg5 Kxg5 45. a4 Kxh6 46. Kf4 Kh5 47. Kf5 Kh4 48. Kf4 h5 49. a5 Kh3 50. Kf3 h4 51. Kf2 0-1

[Event "Albert Boxer Classic op"]
[Site "Winnipeg CAN"]
[Date "2008.05.24"]
[Round "2"]
[White "Gibbons, Lorne"]
[Black "Gannon, Keith"]
[Result "0-1"]
[WhiteElo "1213"]
[BlackElo "1685"]
[PlyCount "46"]
[GameId "2160767910354536"]
[EventDate "2008.05.23"]
[EventType "swiss"]
[EventRounds "5"]
[EventCountry "CAN"]
[SourceTitle "EXT 2011"]
[Source "ChessBase"]
[SourceDate "2011.11.26"]
[SourceVersion "1"]
[SourceVersionDate "2011.11.26"]
[SourceQuality "1"]

1. d4 d5 2. c4 e6 3. Nc3 Nf6 4. Bf4 a6 5. e3 Be7 6. Be2 O-O 7. g4 Nbd7 8. g5 Ne4 9. Nxe4 dxe4 10. Qc2 Bb4+ 11. Kd1 e5 12. a3 exf4 13. axb4 f3 14. Bf1 f5 15. gxf6 Nxf6 16. Bh3 Re8 17. b5 a5 18. b4 Bxh3 19. Nxh3 axb4 20. Rxa8 Qxa8 21. Qb2 Qa4+ 22. Qc2 b3 23. Qb2 Qxc4 0-1

[Event "Albert Boxer Classic op"]
[Site "Winnipeg CAN"]
[Date "2008.05.24"]
[Round "2"]
[White "Goodman, Clifford"]
[Black "Rutter, Blair"]
[Result "1-0"]
[WhiteElo "1595"]
[BlackElo "1873"]
[PlyCount "151"]
[GameId "2160767910354537"]
[EventDate "2008.05.23"]
[EventType "swiss"]
[EventRounds "5"]
[EventCountry "CAN"]
[SourceTitle "EXT 2011"]
[Source "ChessBase"]
[SourceDate "2011.11.26"]
[SourceVersion "1"]
[SourceVersionDate "2011.11.26"]
[SourceQuality "1"]

1. Nf3 d5 2. c4 d4 3. d3 c5 4. g3 Nc6 5. Bg2 e5 6. O-O Be7 7. e4 Nf6 8. Bg5 O-O 9. Na3 Bg4 10. Qd2 Qd7 11. Nc2 h6 12. Bxf6 Bxf6 13. a3 Rab8 14. b4 b6 15. b5 Ne7 16. a4 Ng6 17. a5 Qe7 18. h4 Qd7 19. Kh2 Rfe8 20. axb6 axb6 21. Ra6 Qd8 22. Rfa1 Bxf3 23. Bxf3 Bxh4 24. Bh5 Bg5 25. Qe2 Nf8 26. Ra7 Re7 27. Qf3 g6 28. Bg4 Kg7 29. Ne1 Nh7 30. Qe2 Nf6 31. Bh3 h5 32. Ng2 Qd6 33. R1a6 Rbb7 34. Rxb7 Rxb7 35. Qa2 Bh6 36. Ra7 Rxa7 37. Qxa7 Bd2 38. Nh4 Ng4+ 39. Kg2 Qf6 40. Bxg4 hxg4 41. Qd7 Be1 42. f3 gxf3+ 43. Nxf3 Ba5 44. Qd5 Qe7 45. Qxe5+ Qxe5 46. Nxe5 Kf6 47. Nc6 Ke6 48. Kf3 f5 49. g4 fxe4+ 50. Kxe4 Bd2 51. Ne5 g5 52. Nf3 Bf4 53. Ng1 Be3 54. Ne2 Bd2 55. Ng3 Bf4 56. Nh5 Be3 57. Ng7+ Kf6 58. Ne8+ Ke6 59. Nc7+ Kd6 60. Nd5 Bd2 61. Nxb6 Kc7 62. Nd5+ Kb7 63. Kf5 Bc1 64. Ne7 Kb6 65. Ng6 Ka5 66. Nh8 Kb4 67. Nf7 Kc3 68. Ke4 Bf4 69. b6 Bb8 70. Nxg5 Kb4 71. Nf7 Ka5 72. Ne5 Bd6 73. Nd7 Ka6 74. Kd5 Be7 75. Kc6 Bd8 76. Nxc5+ 1-0

[Event "Albert Boxer Classic op"]
[Site "Winnipeg CAN"]
[Date "2008.05.24"]
[Round "2"]
[White "Kaptsan, Aron"]
[Black "Khedkar, Jay S"]
[Result "1/2-1/2"]
[WhiteElo "2005"]
[BlackElo "1883"]
[PlyCount "29"]
[GameId "2160767910354538"]
[EventDate "2008.05.23"]
[EventType "swiss"]
[EventRounds "5"]
[EventCountry "CAN"]
[SourceTitle "EXT 2011"]
[Source "ChessBase"]
[SourceDate "2011.11.26"]
[SourceVersion "1"]
[SourceVersionDate "2011.11.26"]
[SourceQuality "1"]

1. e4 e6 2. d4 d5 3. Nd2 Nf6 4. e5 Nfd7 5. Ngf3 c5 6. c3 Nc6 7. Bd3 Be7 8. O-O O-O 9. Re1 Qb6 10. Nf1 f6 11. Qc2 f5 12. Qb3 cxd4 13. Qxb6 Nxb6 14. cxd4 Bd7 15. Bd2 1/2-1/2

[Event "Albert Boxer Classic op"]
[Site "Winnipeg CAN"]
[Date "2008.05.24"]
[Round "2"]
[White "Kong, Dezheng"]
[Black "Wood, Nathaniel"]
[Result "1-0"]
[WhiteElo "1862"]
[BlackElo "1585"]
[PlyCount "43"]
[GameId "2160767910354539"]
[EventDate "2008.05.23"]
[EventType "swiss"]
[EventRounds "5"]
[EventCountry "CAN"]
[SourceTitle "EXT 2011"]
[Source "ChessBase"]
[SourceDate "2011.11.26"]
[SourceVersion "1"]
[SourceVersionDate "2011.11.26"]
[SourceQuality "1"]

1. d4 c5 2. d5 f5 3. Nf3 Nf6 4. g3 g6 5. Bg2 Bg7 6. O-O d6 7. c4 a6 8. Nc3 O-O 9. Qc2 b5 10. cxb5 axb5 11. Nxb5 Nxd5 12. Ng5 e6 13. Qb3 c4 14. Qxc4 Nb6 15. Qb3 d5 16. Nf3 Nc6 17. Bg5 Qd7 18. Nc3 Nc4 19. Bf4 e5 20. Nxe5 N4xe5 21. Bxe5 Bxe5 22. Qxd5+ 1-0

[Event "Albert Boxer Classic op"]
[Site "Winnipeg CAN"]
[Date "2008.05.24"]
[Round "2"]
[White "Lipnowski, Samuel"]
[Black "Liu, Weixi"]
[Result "1-0"]
[WhiteElo "2282"]
[BlackElo "1942"]
[PlyCount "103"]
[GameId "2160767910354541"]
[EventDate "2008.05.23"]
[EventType "swiss"]
[EventRounds "5"]
[EventCountry "CAN"]
[SourceTitle "EXT 2011"]
[Source "ChessBase"]
[SourceDate "2011.11.26"]
[SourceVersion "1"]
[SourceVersionDate "2011.11.26"]
[SourceQuality "1"]

1. e4 e6 2. d4 d5 3. Nc3 c5 4. exd5 exd5 5. Nf3 c4 6. Be2 Nf6 7. O-O Be7 8. Bg5 O-O 9. Ne5 Ne4 10. Bxe7 Nxc3 11. Bxd8 Nxd1 12. Be7 Nxb2 13. Bxf8 Kxf8 14. a4 Bd7 15. Rfb1 c3 16. Nxd7+ Nxd7 17. Ra3 Rc8 18. Bg4 Rc7 19. Bxd7 Rxd7 20. Rxc3 Nxa4 21. Ra3 b5 22. Rxb5 Nb6 23. g3 Ke8 24. Ra2 Kd8 25. Rba5 Nc8 26. Kf1 Ke7 27. Ke2 Kd6 28. Kd3 Ke7 29. Ra6 Kd8 30. R2a5 Ke7 31. c4 dxc4+ 32. Kxc4 Kd8 33. d5 Nb6+ 34. Kd4 Nc8 35. Kc5 Ke8 36. d6 Kd8 37. Rb5 Nb6 38. Kc6 Nc8 39. Kc5 Nb6 40. Rbxb6 axb6+ 41. Kc6 Ke8 42. Ra8+ Rd8 43. Rxd8+ Kxd8 44. Kxb6 Kd7 45. Kc5 f6 46. Kd5 h5 47. f4 g5 48. fxg5 fxg5 49. h3 g4 50. h4 Kd8 51. Ke6 Ke8 52. Kf6 1-0

[Event "Albert Boxer Classic op"]
[Site "Winnipeg CAN"]
[Date "2008.05.24"]
[Round "2"]
[White "Swift, Ryne"]
[Black "Silva, T Romero"]
[Result "1-0"]
[WhiteElo "1285"]
[BlackElo "1815"]
[PlyCount "107"]
[GameId "2160767910354543"]
[EventDate "2008.05.23"]
[EventType "swiss"]
[EventRounds "5"]
[EventCountry "CAN"]
[SourceTitle "EXT 2011"]
[Source "ChessBase"]
[SourceDate "2011.11.26"]
[SourceVersion "1"]
[SourceVersionDate "2011.11.26"]
[SourceQuality "1"]

1. e4 e6 2. d4 c5 3. Nf3 cxd4 4. Nxd4 Nf6 5. Nc3 a6 6. Be3 Qa5 7. f3 Bb4 8. Nde2 Nc6 9. a3 Be7 10. Qd2 Ne5 11. Nd4 O-O 12. O-O-O b5 13. Nb3 Qd8 14. Be2 b4 15. axb4 Bxb4 16. Qd4 Nc6 17. Qd2 a5 18. Bc5 Re8 19. Bb5 Qc7 20. Bxb4 axb4 21. Nb1 Rb8 22. Bxc6 dxc6 23. Qd6 Qb6 24. Qc5 Qxc5 25. Nxc5 Rb5 26. Nd3 c5 27. c3 Ba6 28. Nf4 Rb7 29. Rd6 Bb5 30. Rhd1 g6 31. e5 Nd7 32. b3 bxc3 33. Nxc3 Nxe5 34. Nxb5 Rxb5 35. Nd3 Nxd3+ 36. R1xd3 Reb8 37. Kc2 R8b7 38. Rd7 R7b6 39. R7d6 Rxb3 40. Rd8+ Kg7 41. Rxb3 Ra6 42. Kb2 Ra5 43. Rc8 Kf6 44. Rb7 Ke5 45. Rxf7 Kd4 46. Rxh7 g5 47. h4 c4 48. Rd7+ Ke3 49. h5 Kf2 50. h6 Kxg2 51. h7 Kxf3 52. h8=Q g4 53. Rxc4 Rf5 54. Qc3+ 1-0

[Event "Albert Boxer Classic op"]
[Site "Winnipeg CAN"]
[Date "2008.05.24"]
[Round "2"]
[White "Tang, Edward"]
[Black "Wiebe, Daniel"]
[Result "1-0"]
[WhiteElo "1967"]
[BlackElo "1871"]
[PlyCount "109"]
[GameId "2160767910354544"]
[EventDate "2008.05.23"]
[EventType "swiss"]
[EventRounds "5"]
[EventCountry "CAN"]
[SourceTitle "EXT 2011"]
[Source "ChessBase"]
[SourceDate "2011.11.26"]
[SourceVersion "1"]
[SourceVersionDate "2011.11.26"]
[SourceQuality "1"]

1. d4 Nf6 2. c4 g6 3. Nc3 d6 4. e4 Bg7 5. Nf3 c5 6. d5 O-O 7. Bd3 Bg4 8. h3 Bxf3 9. Qxf3 Nbd7 10. Qe2 Ne8 11. O-O Bd4 12. Be3 e5 13. dxe6 fxe6 14. f4 Qe7 15. Rf3 Nc7 16. Raf1 Qg7 17. Kh1 Bxc3 18. bxc3 Qxc3 19. Rg3 Rf7 20. Bc1 Qg7 21. h4 e5 22. f5 Nf6 23. Bg5 Raf8 24. Qe3 Nh5 25. Rh3 Re8 26. Be2 Nf6 27. Bh6 Qh8 28. Rg3 Nd7 29. fxg6 Rxf1+ 30. Bxf1 hxg6 31. Rxg6+ Kf7 32. Rg7+ Qxg7 33. Bxg7 Kxg7 34. Qg5+ Kf7 35. Be2 Nf6 36. Bh5+ Nxh5 37. Qxh5+ Ke7 38. Qh7+ Kd8 39. g4 Re7 40. Qg8+ Ne8 41. Qg5 Ng7 42. h5 Ne6 43. Qf6 Ke8 44. Qh8+ Kf7 45. Qh7+ Kf8 46. Qf5+ Kg8 47. Qg6+ Kf8 48. Qf6+ Ke8 49. g5 Kd7 50. h6 Nf4 51. g6 Re6 52. Qf7+ Re7 53. Qf5+ Kd8 54. Qxf4 exf4 55. g7 1-0

[Event "Albert Boxer Classic op"]
[Site "Winnipeg CAN"]
[Date "2008.05.24"]
[Round "3"]
[White "Boron, Anthony"]
[Black "Kong, Dezheng"]
[Result "1/2-1/2"]
[WhiteElo "1998"]
[BlackElo "1862"]
[PlyCount "64"]
[GameId "2160767910354546"]
[EventDate "2008.05.23"]
[EventType "swiss"]
[EventRounds "5"]
[EventCountry "CAN"]
[SourceTitle "EXT 2011"]
[Source "ChessBase"]
[SourceDate "2011.11.26"]
[SourceVersion "1"]
[SourceVersionDate "2011.11.26"]
[SourceQuality "1"]

1. d4 d5 2. Bf4 Nf6 3. Nf3 e6 4. e3 Bd6 5. Bxd6 cxd6 6. c3 Nc6 7. Bb5 Bd7 8. O-O O-O 9. Nbd2 Qc7 10. Re1 a6 11. Ba4 e5 12. e4 dxe4 13. Nxe4 Nxe4 14. Rxe4 f5 15. Rh4 exd4 16. Nxd4 Nxd4 17. Rxd4 Bxa4 18. Qxa4 Rfe8 19. Qb3+ Kh8 20. Qd5 Re2 21. Rb4 Qe7 22. Rf1 Rb8 23. g3 Re5 24. Qd3 Rf8 25. Rd1 Rd8 26. Rd4 h6 27. Rf4 g6 28. Qd4 Qg7 29. Qb6 Qe7 30. Rb4 Rd7 31. Qd4 Kh7 32. Rb6 Re1+ 1/2-1/2

[Event "Albert Boxer Classic op"]
[Site "Winnipeg CAN"]
[Date "2008.05.24"]
[Round "3"]
[White "Goodman, Clifford"]
[Black "Bince, Rolando"]
[Result "0-1"]
[WhiteElo "1595"]
[BlackElo "1928"]
[PlyCount "80"]
[GameId "2160767910354547"]
[EventDate "2008.05.23"]
[EventType "swiss"]
[EventRounds "5"]
[EventCountry "CAN"]
[SourceTitle "EXT 2011"]
[Source "ChessBase"]
[SourceDate "2011.11.26"]
[SourceVersion "1"]
[SourceVersionDate "2011.11.26"]
[SourceQuality "1"]

1. Nf3 d5 2. c4 d4 3. d3 c5 4. g3 Nc6 5. Bg2 e5 6. O-O Be7 7. e4 g5 8. Na3 h5 9. Nc2 Be6 10. Qe2 h4 11. Bd2 g4 12. Nfe1 Bg5 13. a3 a5 14. Rb1 a4 15. Bh1 f6 16. Ng2 Na5 17. Bxa5 Rxa5 18. b4 axb3 19. Rxb3 Qc7 20. Rfb1 Bc8 21. Nge1 Nh6 22. R1b2 Nf7 23. Ng2 Nd6 24. Rb6 hxg3 25. fxg3 Rh7 26. Qe1 Ra7 27. Rb1 Bd7 28. Qe2 Nc8 29. R6b2 Be6 30. Nge1 Qg7 31. Qg2 Qh6 32. Rb5 b6 33. R5b2 Bd2 34. Qe2 Rh8 35. Rxb6 Nxb6 36. Rxb6 Bc8 37. Rb8 Kf7 38. Rxc8 Rxc8 39. Qxg4 Rb8 40. Qf5 Bxe1 0-1

[Event "Albert Boxer Classic op"]
[Site "Winnipeg CAN"]
[Date "2008.05.24"]
[Round "3"]
[White "Kaptsan, Aron"]
[Black "Tang, Edward"]
[Result "1-0"]
[WhiteElo "2005"]
[BlackElo "1967"]
[PlyCount "73"]
[GameId "2160767910354548"]
[EventDate "2008.05.23"]
[EventType "swiss"]
[EventRounds "5"]
[EventCountry "CAN"]
[SourceTitle "EXT 2011"]
[Source "ChessBase"]
[SourceDate "2011.11.26"]
[SourceVersion "1"]
[SourceVersionDate "2011.11.26"]
[SourceQuality "1"]

1. e4 e5 2. Nf3 Nc6 3. Bb5 a6 4. Ba4 Nf6 5. O-O Be7 6. Re1 b5 7. Bb3 d6 8. c3 O-O 9. h3 Nb8 10. d3 Nbd7 11. Nbd2 Bb7 12. Nf1 Nc5 13. Bc2 Re8 14. Ng3 Bf8 15. b4 Ncd7 16. Bb3 h6 17. Nh2 d5 18. Qe2 c5 19. Bd2 c4 20. dxc4 bxc4 21. Bc2 dxe4 22. Rad1 Qc7 23. Nxe4 a5 24. a3 axb4 25. axb4 Ra6 26. Nxf6+ Nxf6 27. Ng4 Nxg4 28. Qxg4 g6 29. Be3 Qc8 30. Qh4 Qc6 31. f3 Ra3 32. Be4 Qc7 33. Bxb7 Qxb7 34. Rc1 Kh7 35. Bf2 Qb5 36. Re4 f5 37. Rxc4 1-0

[Event "Albert Boxer Classic op"]
[Site "Winnipeg CAN"]
[Date "2008.05.24"]
[Round "3"]
[White "Khedkar, Jay S"]
[Black "Letain, Cory"]
[Result "1-0"]
[WhiteElo "1883"]
[BlackElo "1456"]
[PlyCount "59"]
[GameId "2160767910354549"]
[EventDate "2008.05.23"]
[EventType "swiss"]
[EventRounds "5"]
[EventCountry "CAN"]
[SourceTitle "EXT 2011"]
[Source "ChessBase"]
[SourceDate "2011.11.26"]
[SourceVersion "1"]
[SourceVersionDate "2011.11.26"]
[SourceQuality "1"]

1. e4 e5 2. f4 exf4 3. Nf3 g5 4. Bc4 Nc6 5. h4 g4 6. Ng5 Ne5 7. Bb3 d6 8. d4 f6 9. Ne6 Bxe6 10. Bxe6 Qe7 11. Bxg8 Rxg8 12. dxe5 dxe5 13. Qd5 Rg7 14. Qxb7 Rd8 15. Qc6+ Kf7 16. Nc3 Rd6 17. Qc4+ Ke8 18. Bd2 Qd8 19. O-O-O Rgd7 20. Nb1 Rd4 21. Qe6+ Be7 22. Qg8+ Bf8 23. Qxg4 Rxe4 24. Bc3 Bc5 25. Qg8+ Bf8 26. Qe6+ Be7 27. Rxd7 Qxd7 28. Qg8+ Bf8 29. Rd1 Qg7 30. Qd5 1-0

[Event "Albert Boxer Classic op"]
[Site "Winnipeg CAN"]
[Date "2008.05.24"]
[Round "3"]
[White "Liu, Weixi"]
[Black "Gannon, Keith"]
[Result "1-0"]
[WhiteElo "1942"]
[BlackElo "1685"]
[PlyCount "71"]
[GameId "2160767910354550"]
[EventDate "2008.05.23"]
[EventType "swiss"]
[EventRounds "5"]
[EventCountry "CAN"]
[SourceTitle "EXT 2011"]
[Source "ChessBase"]
[SourceDate "2011.11.26"]
[SourceVersion "1"]
[SourceVersionDate "2011.11.26"]
[SourceQuality "1"]

1. d4 d5 2. c4 e6 3. Nf3 Nf6 4. Nc3 Nc6 5. Bg5 Be7 6. e3 O-O 7. Qc2 Nb4 8. Qb3 dxc4 9. Bxc4 a5 10. a3 Nc6 11. O-O Nd7 12. Bxe7 Qxe7 13. Qc2 Nb6 14. Ba2 g6 15. h3 Bd7 16. Rfd1 Rfd8 17. Ne4 Nd5 18. Nc5 Bc8 19. Rac1 Nf6 20. Bb3 Rd6 21. Ba4 Na7 22. Ne5 b5 23. Bb3 a4 24. Ba2 Nc6 25. Ne4 Nxe4 26. Qxe4 Bb7 27. Nxc6 Rxc6 28. Rxc6 Qd7 29. Rdc1 Ra6 30. d5 exd5 31. Bxd5 Bxc6 32. Bxc6 Qd2 33. Qc2 Qa5 34. Qc3 Qb6 35. Rd1 Qxc6 36. Rd8+ 1-0

[Event "Albert Boxer Classic op"]
[Site "Winnipeg CAN"]
[Date "2008.05.24"]
[Round "3"]
[White "Oberton, Daniel"]
[Black "Raihman, Daniel"]
[Result "1-0"]
[WhiteElo "1919"]
[BlackElo "1725"]
[PlyCount "79"]
[GameId "2160767910354551"]
[EventDate "2008.05.23"]
[EventType "swiss"]
[EventRounds "5"]
[EventCountry "CAN"]
[SourceTitle "EXT 2011"]
[Source "ChessBase"]
[SourceDate "2011.11.26"]
[SourceVersion "1"]
[SourceVersionDate "2011.11.26"]
[SourceQuality "1"]

1. e4 c5 2. Nf3 Nc6 3. d4 cxd4 4. Nxd4 Nf6 5. Nc3 e5 6. Ndb5 d6 7. Bg5 a6 8. Na3 b5 9. Nd5 Be7 10. Bxf6 Bxf6 11. c4 b4 12. Nc2 a5 13. b3 O-O 14. Be2 Bg5 15. O-O Ne7 16. Nce3 Bxe3 17. Nxe3 Bb7 18. Nd5 Nxd5 19. exd5 f5 20. Qd2 Qb6 21. Bd3 Qd4 22. Rfd1 e4 23. Bc2 Qxd2 24. Rxd2 Rfc8 25. a3 Kf7 26. Re2 g6 27. f3 exf3 28. gxf3 Re8 29. Rxe8 Rxe8 30. Kf2 Rc8 31. axb4 axb4 32. Ra7 Rb8 33. Ke3 Kf6 34. f4 h6 35. h4 Bc8 36. Rh7 h5 37. Ra7 Rb7 38. Ra8 Bd7 39. Kd4 Ke7 40. Bd3 1-0

[Event "Albert Boxer Classic op"]
[Site "Winnipeg CAN"]
[Date "2008.05.24"]
[Round "3"]
[White "Vincent, Trevor"]
[Black "Lipnowski, Samuel"]
[Result "1/2-1/2"]
[WhiteElo "2176"]
[BlackElo "2282"]
[PlyCount "79"]
[GameId "2160767910354554"]
[EventDate "2008.05.23"]
[EventType "swiss"]
[EventRounds "5"]
[EventCountry "CAN"]
[SourceTitle "EXT 2011"]
[Source "ChessBase"]
[SourceDate "2011.11.26"]
[SourceVersion "1"]
[SourceVersionDate "2011.11.26"]
[SourceQuality "1"]

1. c4 c6 2. g3 d5 3. Bg2 dxc4 4. Na3 Nf6 5. Nxc4 Bf5 6. Nf3 e6 7. O-O Be7 8. d3 O-O 9. Bd2 Nbd7 10. a4 Bg6 11. b4 a6 12. Qb3 Nd5 13. Rac1 Bh5 14. Rfe1 h6 15. d4 Bg6 16. e4 N5f6 17. Nfe5 Nxe5 18. Nxe5 Bh7 19. Bc3 Qb6 20. Nc4 Qa7 21. a5 Rad8 22. Nb6 Nd7 23. d5 Nxb6 24. Bd4 c5 25. axb6 Qxb6 26. Bxc5 Bxc5 27. Rxc5 exd5 28. exd5 Rfe8 29. Qc3 Bf5 30. Bf3 Bh3 31. Rd1 Qd6 32. Qd4 Qe5 33. Qxe5 Rxe5 34. d6 Re6 35. Bxb7 Rexd6 36. Rxd6 Rxd6 37. Rc1 Bf5 38. Bf3 Rb6 39. Rc4 g5 40. Kg2 1/2-1/2

[Event "Albert Boxer Classic op"]
[Site "Winnipeg CAN"]
[Date "2008.05.24"]
[Round "3"]
[White "Wiebe, Daniel"]
[Black "Swift, Ryne"]
[Result "1-0"]
[WhiteElo "1871"]
[BlackElo "1285"]
[PlyCount "59"]
[GameId "2160767910354555"]
[EventDate "2008.05.23"]
[EventType "swiss"]
[EventRounds "5"]
[EventCountry "CAN"]
[SourceTitle "EXT 2011"]
[Source "ChessBase"]
[SourceDate "2011.11.26"]
[SourceVersion "1"]
[SourceVersionDate "2011.11.26"]
[SourceQuality "1"]

1. e4 e5 2. Nf3 Nc6 3. Bc4 Be7 4. d3 Nf6 5. Nc3 d6 6. Bg5 Bg4 7. Qd2 Bxf3 8. gxf3 Nd4 9. O-O-O Nxf3 10. Qe3 Nxg5 11. Qxg5 Rg8 12. Qg3 Qd7 13. d4 exd4 14. Rxd4 Qg4 15. Qe3 Qg2 16. e5 Qxh1+ 17. Rd1 Qc6 18. exf6 gxf6 19. Bb5 Qd7 20. Bxd7+ Kxd7 21. Qh3+ Kc6 22. Qxh7 Raf8 23. Qe4+ Kd7 24. Qxb7 Rb8 25. Qd5 Rg7 26. Re1 f5 27. Qxf5+ Kd8 28. Nd5 Bg5+ 29. f4 Bh6 30. Qf6+ 1-0

[Event "Albert Boxer Classic op"]
[Site "Winnipeg CAN"]
[Date "2008.05.25"]
[Round "4"]
[White "Bince, Rolando"]
[Black "Liu, Weixi"]
[Result "0-1"]
[WhiteElo "1928"]
[BlackElo "1942"]
[PlyCount "50"]
[GameId "2160767910354558"]
[EventDate "2008.05.23"]
[EventType "swiss"]
[EventRounds "5"]
[EventCountry "CAN"]
[SourceTitle "EXT 2011"]
[Source "ChessBase"]
[SourceDate "2011.11.26"]
[SourceVersion "1"]
[SourceVersionDate "2011.11.26"]
[SourceQuality "1"]

1. e4 e6 2. d4 d5 3. Nc3 dxe4 4. Nxe4 Nd7 5. Bd3 Ngf6 6. Bg5 Be7 7. Nxf6+ Nxf6 8. Nf3 O-O 9. O-O b6 10. c3 Bb7 11. Re1 Rc8 12. Bxf6 Bxf6 13. Ne5 c5 14. Re3 g6 15. Qa4 cxd4 16. cxd4 a6 17. Rae1 b5 18. Qb4 Be7 19. Qb3 Bd5 20. Qd1 Bg5 21. R3e2 Rc1 22. Qxc1 Bxc1 23. Rxc1 Qb6 24. Nd7 Qxd4 25. Nxf8 Qxd3 0-1

[Event "Albert Boxer Classic op"]
[Site "Winnipeg CAN"]
[Date "2008.05.25"]
[Round "4"]
[White "Gannon, Keith"]
[Black "Goodman, Clifford"]
[Result "0-1"]
[WhiteElo "1685"]
[BlackElo "1595"]
[PlyCount "90"]
[GameId "2160767910354559"]
[EventDate "2008.05.23"]
[EventType "swiss"]
[EventRounds "5"]
[EventCountry "CAN"]
[SourceTitle "EXT 2011"]
[Source "ChessBase"]
[SourceDate "2011.11.26"]
[SourceVersion "1"]
[SourceVersionDate "2011.11.26"]
[SourceQuality "1"]

1. e4 c6 2. d4 d5 3. Nc3 dxe4 4. Nxe4 Bf5 5. Nc3 Nf6 6. Nf3 e6 7. a3 h6 8. Be2 Nbd7 9. O-O Bd6 10. Re1 Qc7 11. Bd3 Bg4 12. g3 Bh3 13. Ne4 Nxe4 14. Rxe4 Nf6 15. Re1 O-O-O 16. Bf1 Bxf1 17. Rxf1 g5 18. b3 c5 19. c3 g4 20. Ne1 cxd4 21. cxd4 Qc3 22. Bxh6 Kb8 23. Bg5 Be7 24. Bf4+ Ka8 25. Be5 Rh3 26. Kg2 Rdh8 27. Rh1 Qc6+ 28. f3 gxf3+ 29. Nxf3 Ng4 30. Qd3 Rxh2+ 31. Rxh2 Rxh2+ 32. Kf1 Rh1+ 33. Ng1 Bg5 34. Bf4 Nh2+ 35. Kf2 Ng4+ 36. Kf1 Bxf4 37. gxf4 Rh2 38. d5 exd5 39. Rb1 d4 40. Nf3 Rf2+ 41. Ke1 Qxf3 42. Qxf3 Rxf3 43. Rc1 Kb8 44. Rc4 Rf1+ 45. Kxf1 Ne3+ 0-1